[Event "FINAL MISTRZOSTW POLSKI MLODZIKOW 2016 - CHLOPCY"]
[Site "Jastrzebia Gora"]
[Date "1899-12-30"]
[Round "9.8"]
[White "Krupinski, Mikolaj"]
[Black "Goral, Jan"]
[Result "1-0"]
[WhiteTitle "II"]
[BlackTitle "II"]
[WhiteElo "1372"]
[BlackElo "1273"]

1. e4 c5 2. Nf3 Nc6 3. d4 cxd4 4. Nxd4 e5 5. Nb5 a6 6. Nd6+ Bxd6 7. Qxd6 Qf6 8.
Qxf6 Nxf6 9. Nc3 Nb4 10. Bd3 d6 11. a3 Nxd3+ 12. cxd3 Be6 13. Ke2 O-O 14. f3 d5
15. Bg5 dxe4 16. dxe4 Bc4+ 17. Ke3 Nd7 18. Rad1 Be6 19. Rd6 Rfe8 20. b4 f6 21.
Bh4 Rac8 22. Rc1 Nf8 23. Be1 Ng6 24. g3 Nh8 25. f4 Nf7 26. Rdd1 Red8 27. Rxd8+
Rxd8 28. Na4 Nd6 29. fxe5 Nc4+ 30. Kf2 fxe5 31. Nc5 Rf8+ 32. Ke2 Bg4+ 33. Kd3
b5 34. Bc3 Rf3+ 35. Kc2 Nxa3+ 36. Kb3 Nc4 37. Nxa6 Nd2+ 38. Kb2 Nxe4 39. Bxe5
Rf2+ 40. Rc2 Nd2 41. Kc1 Nb3+ 42. Kb2 Rf5 43. Rc8+ Kf7 44. Rc7+ Ke6 45. Bxg7 Nd2
46. Nc5+ Kd6 47. Rd7+ 1-0

[Event "FINAL MISTRZOSTW POLSKI MLODZIKOW 2016 - CHLOPCY"]
[Site "Jastrzebia Gora"]
[Date "1899-12-30"]
[Round "9.9"]
[White "Madej, Marek"]
[Black "Demski, Michal"]
[Result "1-0"]
[WhiteTitle "II"]
[BlackTitle "II"]
[WhiteElo "1240"]
[BlackElo "1278"]

1. d4 d5 2. c4 c6 3. Nc3 Nf6 4. e3 a6 5. Nf3 Bg4 6. h3 Bh5 7. Be2 Bxf3 8. Bxf3
dxc4 9. a4 Nd5 10. Qe2 Nb4 11. O-O Nd7 12. Qxc4 e6 13. e4 Nc2 14. Rb1 Nb6 15.
Qd3 Nxd4 16. Rd1 Nxf3+ 17. Qxf3 Qf6 18. Qg3 Be7 19. Be3 Nd7 20. Qc7 Nc5 21. Bxc5
Bxc5 22. Qxb7 Qxf2+ 23. Kh1 O-O 24. Qxc6 Bb4 25. Rf1 Qd4 26. Rbd1 Qc5 27. Qxc5
Bxc5 28. Rd7 Rad8 29. Rfd1 Rxd7 30. Rxd7 h6 31. Rc7 Bf2 32. g4 Rb8 33. Nd1 Bd4
34. Rc2 Rb4 35. Rd2 Rxa4 36. b3 Rb4 37. Kg2 Bf6 38. Ra2 Rd4 39. Nf2 Bh4 40. Kf3
Rb4 41. Ra3 Bxf2 42. Kxf2 Rxe4 43. Rxa6 Kh7 44. Rb6 Kg6 45. b4 Kf6 46. b5 Rb4
47. Rb7 g5 48. b6 Rb5 49. Kf3 Rb3+ 50. Kg2 e5 51. Rb8 Ke7 52. b7 e4 53. Kf2 Kd7
54. Rf8 Rxb7 55. Rxf7+ Kc6 56. Rxb7 Kxb7 57. Ke3 Kc8 58. Kxe4 Kd7 59. Kf5 Ke7
60. Kg6 Ke6 61. Kxh6 Kf6 62. Kh5 Kf7 63. Kxg5 1-0

[Event "FINAL MISTRZOSTW POLSKI MLODZIKOW 2016 - CHLOPCY"]
[Site "Jastrzebia Gora"]
[Date "1899-12-30"]
[Round "9.10"]
[White "Karwacki, Piotr"]
[Black "Rosenfeld, Noe"]
[Result "1-0"]
[WhiteTitle "II"]
[BlackTitle "II"]
[WhiteElo "1164"]
[BlackElo "1279"]

1. e4 c5 2. Nf3 g6 3. c3 Bg7 4. d4 cxd4 5. cxd4 d5 6. e5 Nc6 7. Bb5 Nh6 8. h3 O-O
9. Bf4 Nf5 10. g4 Nh6 11. Qd2 Qa5 12. Nc3 Nb4 13. Ba4 f6 14. a3 fxe5 15. axb4
Qxb4 16. Nxe5 Nf7 17. Nxd5 Qxd2+ 18. Bxd2 Nxe5 19. dxe5 e6 20. Ne7+ Kf7 21. Nxc8
Raxc8 22. f4 Rc4 23. Bb3 Re4+ 24. Kf2 a6 25. Bc3 Ke8 26. Kg2 Rfxf4 27. Rhf1 Rxf1
28. Rxf1 Ke7 29. Bc2 Rc4 30. Bd3 Rc5 31. Bb4 b6 32. Bxc5+ bxc5 33. Rc1 Bxe5 34.
Rxc5 Bxb2 35. Bxa6 Kf6 36. g5+ Kf7 37. Rc7+ Kg8 38. Bc4 Bg7 39. Bxe6+ Kf8 40.
Rf7+ Kg8 41. Kf3 h6 42. h4 hxg5 43. hxg5 Kh8 44. Rf6 Kh7 45. Rf7 Kh8 46. Ba2 Kh7
47. Bb1 Kh8 48. Bxg6 Kg8 49. Rxg7+ Kxg7 50. Bb1 Kh8 51. Kf4 Kg7 52. Kf5 Kg8 53.
Kg6 Kh8 54. Kh6 Kg8 55. g6 Kh8 56. g7+ Kg8 57. Ba2# 1-0

[Event "FINAL MISTRZOSTW POLSKI MLODZIKOW 2016 - CHLOPCY"]
[Site "Jastrzebia Gora"]
[Date "1899-12-30"]
[Round "9.11"]
[White "Wolski, Michal"]
[Black "Wierzbicki, Dawid"]
[Result "1/2-1/2"]
[WhiteTitle "II"]
[BlackTitle "II"]
[WhiteElo "1116"]
[BlackElo "1269"]

1. e4 c5 2. Nf3 d6 3. c3 Nf6 4. h3 Nbd7 5. Bd3 e5 6. Bc2 c4 7. Qe2 b5 8. O-O Be7
9. b3 Nb6 10. d4 O-O 11. dxe5 dxe5 12. Nxe5 Qc7 13. Nf3 Bb7 14. Nbd2 cxb3 15.
Nxb3 Qxc3 16. Bf4 Rfe8 17. Be5 Qc8 18. Bd3 b4 19. Rac1 Qe6 20. Nbd4 Qd7 21. Bb5
Qd8 22. Bc7 Qc8 23. Bxb6 Qb8 24. Bxe8 Qxe8 25. Nb5 Ba6 26. Nc7 Bxe2 27. Nxe8 Rxe8
28. Rfe1 Bxf3 29. gxf3 axb6 30. e5 Nd5 31. e6 Nf4 32. exf7+ Kxf7 33. Rcd1 Nxh3+
34. Kg2 Nf4+ 35. Kg1 h5 36. Re4 g5 37. Ree1 h4 38. Re4 Nh3+ 39. Kg2 Nf4+ 40. Kg1
Kf6 41. Rde1 Nd3 42. Re6+ Kf7 43. R1e3 Nf4 44. R6e4 Nd5 45. Rd3 Nc3 46. Re1 Nxa2
47. Ra1 Nc3 48. Re1 Kf6 49. Rde3 Nd5 50. Re6+ Kf7 51. R6e2 Nf4 52. Rd2 b3 53.
Re3 Nh3+ 54. Kg2 Nf4+ 55. Kg1 Bb4 56. Rd7+ Kf8 57. Rxb3 Bc5 58. Rb2 Bd4 59. Rxd4
Ne2+ 60. Rxe2 Rxe2 61. Rb4 Re6 62. Rb5 Rg6 63. Kg2 Ke7 64. Kh3 Kd7 65. Rb1 Kc6
66. Rc1+ Kd5 67. Kg4 b5 68. Rd1+ Kc5 69. Rc1+ Kd4 70. Rb1 Kc4 71. Rc1+ Kd3 72.
Rb1 Ke2 73. Rxb5 Kxf2 74. Rb2+ Ke3 75. Rb3+ Kd4 76. Rb4+ Kc5 77. Rb1 1/2-1/2

[Event "FINAL MISTRZOSTW POLSKI MLODZIKOW 2016 - CHLOPCY"]
[Site "Jastrzebia Gora"]
[Date "1899-12-30"]
[Round "9.12"]
[White "Jedraszek, Pawel"]
[Black "Backiel, Hubert"]
[Result "0-1"]
[WhiteTitle "II"]
[BlackTitle "II+"]
[WhiteElo "1261"]
[BlackElo "1247"]

1. e4 e5 2. Nf3 Nf6 3. Nxe5 d6 4. Nf3 Nxe4 5. Nc3 Nxc3 6. dxc3 Be7 7. Bf4 O-O 8.
Qd2 Nc6 9. O-O-O Bf5 10. h3 a5 11. Bd3 Be6 12. Kb1 a4 13. g4 Na5 14. Nd4 Nc6 15.
Bg3 Qd7 16. f4 Nxd4 17. cxd4 Bd5 18. Rhf1 b5 19. f5 Rfe8 20. g5 Bf8 21. g6 b4
22. gxh7+ Kh8 23. f6 b3 24. c4 bxa2+ 25. Kxa2 a3 26. b3 Bb7 27. d5 c6 28. Bf5
Qc7 29. Rg1 g6 30. Bg4 cxd5 31. cxd5 Ra5 32. Rc1 Qb6 33. Qf2 Qxf2+ 34. Bxf2 Rxd5
35. Rgd1 Rxd1 36. Rxd1 d5 37. Re1 Rxe1 38. Bxe1 Kxh7 39. b4 Bd6 40. Bd2 Be5 41.
Bg5 Bb2 42. Bf3 Kg8 43. Bg4 Bc6 44. Be3 Kf8 45. Bc5+ Ke8 46. Be7 d4 47. Bc5 Kd8
48. Bb6+ Ke8 49. Bc5 Bd5+ 50. Kb1 Bc4 51. Bd1 d3 52. Ba4+ Kd8 53. Bb6+ Kc8 54.
Be3 Kb7 55. Bd1 Bxf6 56. Bf3+ Ka6 57. b5+ Kxb5 58. Kc1 a2 59. Kd2 Bc3+ 60. Kxc3
a1=Q+ 61. Kd2 Kb4 62. Bf2 Qb2+ 63. Ke3 Qe5+ 64. Kd2 Qf4+ 65. Be3 Qxf3 66. Bc5+
Kb3 67. Kc1 Qf1+ 68. Kd2 Qe2+ 69. Kc1 Qc2# 0-1

[Event "FINAL MISTRZOSTW POLSKI MLODZIKOW 2016 - CHLOPCY"]
[Site "Jastrzebia Gora"]
[Date "1899-12-30"]
[Round "9.13"]
[White "Pisarek, Jan"]
[Black "Nowicki, Filip"]
[Result "1/2-1/2"]
[WhiteTitle "II"]
[BlackTitle "III"]
[WhiteElo "1191"]
[BlackElo "1092"]

1. e4 e6 2. d4 d5 3. Nd2 dxe4 4. Nxe4 Nd7 5. Nf3 Ngf6 6. Bg5 Be7 7. Nxf6+ Nxf6
8. Bd3 O-O 9. O-O Nd5 10. Bxe7 Qxe7 11. c3 b6 12. Be4 f5 13. Bd3 Bb7 14. Qd2 f4
15. Rfe1 g5 16. h3 Nf6 17. Nxg5 Qg7 18. Ne4 f3 19. g3 Nh5 20. Kh2 Nf4 21. Bf1
Ng2 22. Bxg2 fxg2 23. Kxg2 Qg6 24. Qe3 Rf7 25. f3 Raf8 26. Rf1 Rg7 27. g4 h5 28.
Rae1 h4 29. Rf2 Bd5 30. a3 Rgf7 31. Ree2 Bc4 32. Rd2 Bd5 33. Ng5 Rf4 34. Ne4 Bxe4
35. fxe4 Rxf2+ 36. Rxf2 Rxf2+ 37. Kxf2 Qf6+ 38. Qf3 Qg5 39. Qe3 Qf6+ 40. Ke2 Kg7
41. Qf3 Qg5 42. e5 Qc1 43. Qf6+ Kh7 44. Qxh4+ Kg7 45. Qe7+ Kh8 46. Qd8+ Kg7 47.
Qxc7+ Kg6 48. Qxa7 Qxb2+ 49. Kd3 Qb5+ 50. Kc2 Qe2+ 51. Kb3 Qb5+ 1/2-1/2

[Event "FINAL MISTRZOSTW POLSKI MLODZIKOW 2016 - CHLOPCY"]
[Site "Jastrzebia Gora"]
[Date "1899-12-30"]
[Round "9.14"]
[White "Pancewicz, Szymon"]
[Black "Nowak, Filip"]
[Result "1/2-1/2"]
[WhiteTitle "II"]
[BlackTitle "II"]
[WhiteElo "1079"]
[BlackElo "1257"]

1. Nf3 c5 2. g3 d5 3. Bg2 Nc6 4. d4 e6 5. O-O Nf6 6. c4 dxc4 7. dxc5 Qxd1 8. Rxd1
Bxc5 9. Nc3 O-O 10. Bg5 h6 11. Bf4 Bd7 12. Bd6 Bxd6 13. Rxd6 Rad8 14. Rad1 Bc8
15. Rxd8 Rxd8 16. Rxd8+ Nxd8 17. Nd2 Bd7 18. Nxc4 Bc6 19. Ne5 Bxg2 20. Kxg2 Kf8
21. Kf3 Ke7 22. Ke3 Kd6 23. Kd4 a6 24. h3 Nc6+ 25. Nxc6 Kxc6 26. a3 Kd6 27. b4
b5 28. e4 e5+ 29. Ke3 Nd7 30. Nd5 f6 31. g4 Nf8 32. Kf3 Ne6 33. Ke3 Nc7 34. Nxc7
Kxc7 35. Kf3 g5 36. Kg3 Kd6 37. h4 Ke6 38. h5 Kd6 39. f3 Ke6 40. Kf2 Kd6 1/2-1/2

[Event "FINAL MISTRZOSTW POLSKI MLODZIKOW 2016 - CHLOPCY"]
[Site "Jastrzebia Gora"]
[Date "1899-12-30"]
[Round "9.15"]
[White "Norek, Maciej"]
[Black "Czernecki, Andrzej"]
[Result "1-0"]
[WhiteTitle "II"]
[BlackTitle "II"]
[WhiteElo "1175"]
[BlackElo "1469"]

1. d4 Nf6 2. Nf3 e6 3. g3 b6 4. Bg2 Bb7 5. O-O Be7 6. c4 O-O 7. Nc3 c5 8. d5 exd5
9. cxd5 Re8 10. e4 Bd6 11. Re1 Be5 12. Nxe5 Rxe5 13. f4 Re8 14. e5 Nxd5 15. Bxd5
Bxd5 16. Qxd5 Nc6 17. Nb5 Nb4 18. Qd1 d5 19. a3 Nc6 20. Nd6 Re7 21. Nf5 Re6 22.
b3 d4 23. Qf3 d3 24. Be3 Rc8 25. Nd6 Rc7 26. Red1 f6 27. Qd5 Qd7 28. f5 1-0

[Event "FINAL MISTRZOSTW POLSKI MLODZIKOW 2016 - CHLOPCY"]
[Site "Jastrzebia Gora"]
[Date "1899-12-30"]
[Round "9.16"]
[White "Herwy, Jakub"]
[Black "Fronczyk, Wiktor"]
[Result "1/2-1/2"]
[WhiteTitle "II"]
[BlackTitle "II"]
[WhiteElo "1051"]
[BlackElo "1251"]

1. e4 c5 2. c4 Nc6 3. Nc3 Nf6 4. g3 e6 5. Bg2 Be7 6. Nge2 b6 7. h3 Bb7 8. O-O Ne5
9. f4 Nxc4 10. d3 Na5 11. Be3 d5 12. e5 Nd7 13. d4 Nc4 14. Bc1 h5 15. b3 Na5 16.
a3 cxd4 17. Nxd4 Bc5 18. Be3 Nc6 19. b4 Bxd4 20. Bxd4 a6 21. Bf3 h4 22. g4 b5
23. Ne2 Nb6 24. Bc5 Nc4 25. Nc1 Rc8 26. Re1 g5 27. fxg5 Qxg5 28. Bd4 N6xe5 29.
Bxe5 Nxe5 30. Nd3 Nxd3 31. Qxd3 Kd7 32. Qd4 Rhg8 33. Re5 Qg7 34. Bxd5 exd5 35.
Rxd5+ Bxd5 36. Qxd5+ Kc7 37. Rc1+ Kb8 38. Qd6+ Ka7 39. Qd7+ Kb6 40. Qd6+ Kb7 41.
Qd7+ Kb8 42. Qd6+ Kb7 43. Qd7+ Kb8 44. Qd6+ Kb7 45. Qd5+ Kb8 46. Qd6+ Kb7 1/2-1/2

[Event "FINAL MISTRZOSTW POLSKI MLODZIKOW 2016 - CHLOPCY"]
[Site "Jastrzebia Gora"]
[Date "1899-12-30"]
[Round "9.17"]
[White "Blazniak, Bartlomiej"]
[Black "Iwaszkiewicz, Grzegorz"]
[Result "0-1"]
[WhiteTitle "II"]
[BlackTitle "II"]
[WhiteElo "1137"]
[BlackElo "1206"]

1. e4 d5 2. exd5 Qxd5 3. d4 Nf6 4. Nf3 Bg4 5. Be2 e6 6. Be3 c6 7. c3 Nbd7 8. Nbd2
Bd6 9. Nb3 Nb6 10. h3 Bh5 11. Rc1 Be7 12. Ra1 O-O 13. O-O Rfd8 14. Nfd2 Bg6 15.
Bf3 Qd6 16. Na5 Qc7 17. Bg5 e5 18. Bxf6 Bxf6 19. dxe5 Bg5 20. Nab3 Nc4 21. Qe2
Bd3 22. Qe1 Bxf1 23. Qxf1 Nxd2 24. Nxd2 Rxd2 25. b3 Qxe5 26. c4 Rad8 27. Re1 Qc3
28. Be4 Bh4 29. g3 Bf6 30. Bb1 Bd4 0-1

[Event "FINAL MISTRZOSTW POLSKI MLODZIKOW 2016 - CHLOPCY"]
[Site "Jastrzebia Gora"]
[Date "1899-12-30"]
[Round "9.18"]
[White "Rzenca, Jerzy"]
[Black "Krahel, Karol"]
[Result "1/2-1/2"]
[WhiteTitle "II"]
[BlackTitle "II"]
[WhiteElo "1196"]
[BlackElo "1170"]

1. e4 c6 2. d4 d5 3. e5 Bf5 4. g4 Bd7 5. Be3 e6 6. c3 Qc7 7. f4 c5 8. Nf3 c4 9.
Nbd2 Nc6 10. Qc2 Be7 11. Bh3 O-O-O 12. b3 cxb3 13. axb3 f6 14. b4 a6 15. Kf2 fxe5
16. Nxe5 Nxe5 17. dxe5 Bxb4 18. Rhc1 Bc5 19. Bd4 Bxd4+ 20. cxd4 Qxc2 21. Rxc2+
Kb8 22. Rb1 Ne7 23. Nb3 Bb5 24. Ke3 Rc8 25. Rbc1 Rxc2 26. Rxc2 Rc8 27. Rxc8+ Kxc8
28. Nc5 Bd7 29. g5 Nf5+ 30. Kd3 g6 31. Bxf5 exf5 32. Nxd7 Kxd7 33. Kc3 a5 34.
Kb3 b5 35. Ka3 Ke6 36. h3 Kd7 37. h4 Ke6 38. Kb3 b4 39. Ka4 Kd7 40. Kb3 Ke6 41.
Ka4 1/2-1/2

[Event "FINAL MISTRZOSTW POLSKI MLODZIKOW 2016 - CHLOPCY"]
[Site "Jastrzebia Gora"]
[Date "1899-12-30"]
[Round "9.19"]
[White "Jaskiewicz, Kacper"]
[Black "Choina, Jan"]
[Result "0-1"]
[WhiteTitle "II"]
[BlackTitle "II"]
[WhiteElo "1100"]
[BlackElo "1190"]

1. e4 c5 2. c4 d6 3. Nc3 g6 4. d3 Bg7 5. Nge2 Nc6 6. h3 Nf6 7. g3 O-O 8. Bg2 e6
9. O-O d5 10. cxd5 exd5 11. exd5 Ne5 12. f4 Ned7 13. Be3 Qc7 14. Rb1 a6 15. Qb3
Ra7 16. Ne4 b6 17. Bd2 Bb7 18. N2c3 Rd8 19. Nxf6+ Nxf6 20. Rfe1 Rd6 21. f5 Qd8
22. fxg6 hxg6 23. Bf4 Rd7 24. Bg5 Qc7 25. Bxf6 Bxf6 26. Ne4 Bd4+ 27. Kh1 Bxd5
28. Nf6+ Bxf6 29. Bxd5 Qxg3 30. Qxb6 Qxh3+ 31. Kg1 Bd4+ 32. Re3 Bxe3# 0-1

[Event "FINAL MISTRZOSTW POLSKI MLODZIKOW 2016 - CHLOPCY"]
[Site "Jastrzebia Gora"]
[Date "1899-12-30"]
[Round "9.21"]
[White "Wydmanski, Szymon"]
[Black "Karolczuk, Iwo"]
[Result "0-1"]
[WhiteTitle "III"]
[BlackTitle "III"]
[WhiteElo "1365"]
[BlackElo "1114"]

1. e4 e5 2. Nf3 d6 3. Bc4 Nc6 4. c3 Bg4 5. d4 exd4 6. cxd4 Nf6 7. Bd5 Nxd5 8. exd5
Bxf3 9. gxf3 Ne7 10. Nc3 Qd7 11. Qc2 O-O-O 12. Be3 Qf5 13. Qxf5+ Nxf5 14. O-O-O
g6 15. Kb1 Bg7 16. Rd3 Rde8 17. Rc1 a6 18. Ne4 Kb8 19. Rdc3 Rc8 20. Rd3 h6 21.
Ka1 Rhe8 22. Kb1 Ne7 23. Nc3 f5 24. f4 Bf6 25. f3 b5 26. a3 Kb7 27. b4 Rcd8 28.
Ka2 Nc8 29. a4 Nb6 30. axb5 axb5 31. Nxb5 Nxd5 32. Bd2 Re2 33. Kb3 c6 34. Nc3
Nxc3 35. Bxc3 d5 36. Rc2 Rde8 37. Rdd2 R2e3 38. Kb2 Rxf3 39. Rf2 Ree3 40. Rg2
Rxc3 0-1

[Event "FINAL MISTRZOSTW POLSKI MLODZIKOW 2016 - CHLOPCY"]
[Site "Jastrzebia Gora"]
[Date "1899-12-30"]
[Round "9.22"]
[White "Czaja, Adrian"]
[Black "Paszkowski, Krystian"]
[Result "1/2-1/2"]
[WhiteTitle "II"]
[BlackTitle "III"]
[WhiteElo "1196"]
[BlackElo "1074"]

1. c4 e5 2. Nc3 Nc6 3. g3 g6 4. Bg2 Bg7 5. e4 Nge7 6. Nge2 O-O 7. d3 d6 8. O-O
Be6 9. Be3 Qd7 10. f4 Bh3 11. Qd2 Bxg2 12. Kxg2 f5 13. Kg1 fxe4 14. Nxe4 Nf5 15.
N4c3 exf4 16. Bxf4 Rae8 17. Rae1 Ncd4 18. b3 Qc6 19. Nd5 Ne7 20. Nec3 Nxd5 21.
Nxd5 Qd7 22. Kg2 c6 23. Ne3 d5 24. Nc2 Nxc2 25. Qxc2 Qg4 26. h3 Qd7 27. Qd2 Rxe1
28. Rxe1 Re8 29. Rxe8+ Qxe8 30. Qe3 Qxe3 31. Bxe3 a6 32. Kf3 Kf7 33. a4 Ke6 34.
Bf4 Bf6 35. g4 Bg7 36. Bg3 Bf6 37. Bf4 Bg7 38. Bg3 Bf6 39. Bf4 Bg7 40. Bg3 Bf6
1/2-1/2

[Event "FINAL MISTRZOSTW POLSKI MLODZIKOW 2016 - CHLOPCY"]
[Site "Jastrzebia Gora"]
[Date "1899-12-30"]
[Round "9.23"]
[White "Wnek, Filip"]
[Black "Wilk, Igor"]
[Result "1/2-1/2"]
[WhiteTitle "II"]
[BlackTitle "III"]
[WhiteElo "1188"]
[BlackElo "1103"]

1. e4 e6 2. d4 d5 3. Nd2 c5 4. exd5 exd5 5. Ngf3 Nf6 6. Be2 Be7 7. O-O O-O 8. dxc5
Bxc5 9. Nb3 Bb6 10. Bg5 Be6 11. Qd2 Nbd7 12. Rad1 Qc7 13. Bf4 Qd8 14. Qd3 Nc5
15. Nxc5 Bxc5 16. Ng5 Rc8 17. Be5 g6 18. Nxe6 fxe6 19. Qh3 Qe7 20. Bxf6 Qxf6 21.
Bg4 Rc6 22. Rd2 d4 23. Bf3 Rc7 24. Qg3 e5 25. Bd5+ Kg7 26. c3 dxc3 27. bxc3 Qf4
28. Qxf4 exf4 29. Re2 Rd7 30. c4 b6 31. Re4 Re7 32. Rxe7+ Bxe7 33. Re1 Bc5 34.
Re6 Rf6 35. Re2 Kf8 36. a4 Rd6 37. Re4 Rf6 38. Kf1 Kg7 39. Re1 Rf8 40. Rb1 Re8
41. Rb3 1/2-1/2

[Event "FINAL MISTRZOSTW POLSKI MLODZIKOW 2016 - CHLOPCY"]
[Site "Jastrzebia Gora"]
[Date "1899-12-30"]
[Round "9.24"]
[White "Kozlowski, Michal"]
[Black "Kusiak, Mateusz"]
[Result "1-0"]
[WhiteTitle "II"]
[BlackTitle "III"]
[WhiteElo "1256"]
[BlackElo "1085"]

1. e4 e5 2. Nf3 Nc6 3. Bb5 a6 4. Bxc6 dxc6 5. Nxe5 Qd4 6. Nf3 Qxe4+ 7. Qe2 Qxe2+
8. Kxe2 Bf5 9. d3 Nf6 10. Re1 O-O-O 11. Bd2 Bc5 12. Nc3 Rhe8+ 13. Kf1 Ng4 14.
Bg5 Bxf2 15. Rxe8 Rxe8 16. h3 Ne3+ 17. Kxf2 Nxc2 18. Rd1 Nb4 19. Ne1 f6 20. Be3
Bg6 21. a3 Nd5 22. Bc1 f5 23. Nxd5 cxd5 24. b4 b6 25. Bb2 Re7 26. Nf3 h6 27. Re1
Rd7 28. Ne5 Rd6 29. Nxg6 Rxg6 30. Re8+ Kd7 31. Rg8 Rc6 32. Rxg7+ Ke8 33. Be5 Rc2+
34. Kf3 c5 35. bxc5 bxc5 36. Rg6 c4 37. dxc4 dxc4 38. Rxa6 Rc1 39. Rc6 Kd7 40.
Rd6+ Ke7 41. Rc6 Kd7 42. Rc5 Rf1+ 43. Ke2 Rg1 44. g3 Rg2+ 45. Kf3 Ra2 46. Ra5
Ke6 47. Bc3 Rc2 48. Bb4 Rc1 49. Ra6+ Kf7 50. Rc6 Kg7 51. Rc5 Kg6 52. Rc6+ Kg7
53. a4 Kf7 54. a5 Ke8 55. a6 Kd7 56. Rxh6 1-0

[Event "FINAL MISTRZOSTW POLSKI MLODZIKOW 2016 - CHLOPCY"]
[Site "Jastrzebia Gora"]
[Date "1899-12-30"]
[Round "9.25"]
[White "Wiszniewski, Szymon"]
[Black "Grodzicki, Piotr"]
[Result "0-1"]
[WhiteTitle "II"]
[BlackTitle "II"]
[WhiteElo "1193"]
[BlackElo "1129"]

1. e4 c6 2. d4 d5 3. exd5 cxd5 4. Nc3 e6 5. Nf3 Nc6 6. Bd3 Bb4 7. Bd2 Nf6 8. O-O
O-O 9. Re1 Bd7 10. Qe2 Re8 11. Ne5 Qc7 12. Nb5 Qd8 13. Nxc6 bxc6 14. Bxb4 cxb5
15. Bxb5 Bxb5 16. Qxb5 Rb8 17. Qa4 Qd7 18. Qxd7 Nxd7 19. Bc3 Rec8 20. Re3 Nb6
21. b3 Nd7 22. Rc1 Rc6 23. Bd2 Nf6 24. h3 Ne4 25. Be1 Rbc8 26. f3 Nd6 27. c3 h6
28. g4 Nb5 29. a4 Nxd4 30. b4 Rc4 31. Bd2 Nb3 32. Rc2 Nxd2 33. Rxd2 Rxc3 34. Rxc3
Rxc3 35. Kf2 Kf8 36. b5 Ke7 37. Ra2 Kd7 38. a5 Kc8 39. b6 axb6 40. axb6 Rb3 41.
Ra7 Rxb6 42. Rxf7 Rb7 43. Rf8+ Kc7 44. Rf7+ Kc6 45. Rxb7 Kxb7 46. Ke3 Kc6 47.
Kd4 Kd6 48. f4 g6 49. h4 h5 50. f5 exf5 51. gxh5 gxh5 52. Ke3 Ke5 53. Kf3 d4 54.
Ke2 Ke4 55. Kf2 Kf4 56. Kg2 d3 57. Kf2 d2 58. Ke2 Kg3 59. Kxd2 f4 60. Ke1 Kg2
0-1

[Event "FINAL MISTRZOSTW POLSKI MLODZIKOW 2016 - CHLOPCY"]
[Site "Jastrzebia Gora"]
[Date "1899-12-30"]
[Round "9.26"]
[White "Bochenek, Ryszard"]
[Black "Malinowski, Szymon"]
[Result "1-0"]
[WhiteTitle "II"]
[BlackTitle "II+"]
[WhiteElo "1101"]
[BlackElo "1175"]

1. d4 d5 2. c4 c6 3. Nc3 Bf5 4. Nf3 e6 5. Qb3 Qb6 6. c5 Qxb3 7. axb3 Nf6 8. b4
Na6 9. e4 Nxb4 10. Ra4 dxe4 11. Rxb4 exf3 12. Rxb7 fxg2 13. Bxg2 Nd5 14. O-O a5
15. Nxd5 exd5 16. Re1+ Be6 17. Bh3 O-O-O 18. Rb3 Bxh3 19. Rxh3 Kd7 20. Ra3 g6
21. Rxa5 Rc8 22. Bf4 f6 23. Ra7+ Kd8 24. Re6 g5 25. Bd6 Bh6 26. Be7+ Ke8 27. Bxf6+
Kf8 28. Bxh8 Kg8 29. Be5 Bf8 30. Bd6 h5 31. Rg6+ Bg7 32. Rgxg7+ Kh8 33. Rh7+ Kg8
34. Rag7# 1-0

[Event "FINAL MISTRZOSTW POLSKI MLODZIKOW 2016 - CHLOPCY"]
[Site "Jastrzebia Gora"]
[Date "1899-12-30"]
[Round "9.27"]
[White "Kycia, Marek"]
[Black "Kubaszewski, Piotr"]
[Result "0-1"]
[WhiteTitle "II"]
[BlackTitle "III"]
[WhiteElo "1138"]
[BlackElo "1097"]

1. e4 c5 2. Nc3 d6 3. f4 Nc6 4. Nf3 g6 5. Bb5 Bd7 6. O-O Bg7 7. Qe1 a6 8. Bxc6
Bxc6 9. Nh4 Nf6 10. f5 O-O 11. d3 Qc7 12. Qg3 b5 13. Bf4 Nh5 14. Qg4 Nxf4 15.
Qxf4 b4 16. Nd1 Ba4 17. Rc1 Be5 18. Qg4 Bd7 19. Nf3 Bg7 20. Rb1 a5 21. c3 Bb5
22. Ne1 Ba4 23. b3 Bd7 24. c4 a4 25. Kh1 axb3 26. axb3 Qa7 27. Rf2 Qb7 28. Rf1
Ra2 29. Ne3 Bc6 30. Nd5 Bxd5 31. cxd5 Qa6 32. Nf3 Qxd3 33. Qh4 Rb2 34. Rbd1 Qe2
35. Rg1 Rxb3 36. Rd2 Qb5 37. Qxe7 Qb6 38. Qh4 Ra3 39. f6 Bh8 40. Qg5 Qd8 41. Rf1
Qxf6 42. Qg3 b3 43. Qf2 Rfa8 44. Qe2 Ra1 45. Ne1 Qe7 46. Qb5 b2 47. Rxb2 Bxb2
48. Qxb2 R1a2 49. Qb1 Qg5 50. Qb7 R2a7 51. Qb2 Qe5 52. Qe2 Ra1 53. Qf3 R8a7 54.
Qe3 R1a4 55. Rf4 Rd4 56. g3 Raa4 57. Qf3 Rxe4 58. Nd3 Qa1+ 59. Kg2 Rxf4 60. Qxf4
Rxf4 0-1

[Event "FINAL MISTRZOSTW POLSKI MLODZIKOW 2016 - CHLOPCY"]
[Site "Jastrzebia Gora"]
[Date "1899-12-30"]
[Round "9.30"]
[White "Zmuda, Mateusz"]
[Black "Fudal, Patryk"]
[Result "0-1"]
[WhiteTitle "II"]
[BlackTitle "III"]
[WhiteElo "1199"]
[BlackElo "1082"]

1. c4 e5 2. Nc3 Nc6 3. d3 d6 4. Nf3 Be6 5. Bd2 Nf6 6. g3 Qd7 7. Bg2 Bh3 8. O-O
h5 9. Re1 Nd4 10. Nh4 Bxg2 11. Nxg2 Nf5 12. e4 Nd4 13. Rf1 Qg4 14. f3 Qg6 15.
Be3 h4 16. g4 h3 17. Ne1 Be7 18. Nc2 c5 19. Na3 a6 20. Na4 Bd8 21. Nc3 Rh4 22.
Kh1 Be7 23. Na4 Bd8 24. Nc3 Be7 25. Rb1 Kf8 26. b4 cxb4 27. Rxb4 d5 28. Rxb7 Bxa3
29. Qa4 Be7 30. cxd5 Rc8 31. Bd2 Re8 32. Qxa6 Rxg4 33. Rbb1 Rg2 34. Rf2 Rxf2 35.
Rg1 Rg2 36. Rxg2 Qxg2# 0-1

[Event "FINAL MISTRZOSTW POLSKI MLODZIKOW 2016 - CHLOPCY"]
[Site "Jastrzebia Gora"]
[Date "1899-12-30"]
[Round "9.31"]
[White "Dawgiel, Bartosz"]
[Black "Doskocz, Karol"]
[Result "1/2-1/2"]
[WhiteTitle "II"]
[BlackTitle "II"]
[WhiteElo "1134"]
[BlackElo "1074"]

1. e4 c5 2. d4 cxd4 3. c3 dxc3 4. Nxc3 Nc6 5. Nf3 a6 6. Bf4 d6 7. Bc4 h6 8. O-O
b5 9. Bxf7+ Kxf7 10. Qd5+ Be6 11. Qxc6 Qc8 12. Qxc8 Rxc8 13. Rac1 g5 14. Be3 Bg7
15. Nd5 Nf6 16. Nxf6 Bxf6 17. b3 g4 18. Nd4 Bxd4 19. Bxd4 Rhg8 20. Be3 h5 21.
f3 Rxc1 22. Bxc1 g3 23. hxg3 Rxg3 24. Kf2 Rg8 25. Rh1 Rc8 26. Ke3 Rc2 27. Kd3
Rxa2 28. Rxh5 Rxg2 29. Rh7+ Rg7 30. Rxg7+ Kxg7 31. b4 Bc4+ 32. Kd4 Kg6 33. e5
Kf5 34. exd6 exd6 35. f4 Ba2 36. Bd2 Bc4 37. Bc1 Ba2 38. Bd2 Bc4 39. Bc1 1/2-1/2

[Event "FINAL MISTRZOSTW POLSKI MLODZIKOW 2016 - CHLOPCY"]
[Site "Jastrzebia Gora"]
[Date "1899-12-30"]
[Round "9.32"]
[White "Lesien, Tymoteusz"]
[Black "Grzadka, Artur"]
[Result "0-1"]
[WhiteTitle "II"]
[BlackTitle "II"]
[WhiteElo "1213"]
[BlackElo "1172"]

1. d4 d5 2. c4 e6 3. Nc3 c5 4. Nf3 Nc6 5. e3 Nf6 6. b3 b6 7. Bb2 Bb7 8. Bd3 Be7
9. O-O h5 10. h3 Rg8 11. Ng5 Nd7 12. Nf3 g5 13. Nh2 Nf6 14. Be2 Rh8 15. dxc5 Bxc5
16. cxd5 Ne7 17. d6 Bxd6 18. Nb5 Bxh2+ 19. Kxh2 Ned5 20. e4 a6 21. exd5 axb5 22.
dxe6 Qc7+ 23. Kg1 Rh6 24. Bxb5+ Kf8 25. Bxf6 Rxf6 26. Qxh5 Rxe6 27. Bc4 Qc6 28.
Qg4 f5 29. Qxf5+ Rf6 30. Qg4 Kg7 31. Rfe1 Bc8 32. Qxg5+ Rg6 33. Qe7+ Kh6 34. Qf8+
Kh5 35. Bf7 Qxg2# 0-1

[Event "FINAL MISTRZOSTW POLSKI MLODZIKOW 2016 - CHLOPCY"]
[Site "Jastrzebia Gora"]
[Date "1899-12-30"]
[Round "9.33"]
[White "Dembicki, Karol"]
[Black "Homza, Dominik"]
[Result "1-0"]
[WhiteTitle "II"]
[BlackTitle "II"]
[WhiteElo "1146"]
[BlackElo "1019"]

1. e4 c5 2. Nc3 d6 3. g3 Nf6 4. Bg2 g6 5. d3 Bg7 6. Nge2 O-O 7. O-O Nc6 8. Kh1
Bd7 9. f4 Rb8 10. h3 a6 11. g4 e6 12. g5 Ne8 13. h4 h5 14. gxh6 Qxh4+ 15. Kg1
Bxh6 16. Rf3 Qe7 17. Rh3 Bg7 18. Ng3 b5 19. Qg4 Bd4+ 20. Kf1 Bg7 21. Rh2 e5 22.
f5 Nf6 23. Qh3 Nd4 24. Nd5 Rfe8 25. Nxe7+ Rxe7 26. Bg5 Ree8 27. Qh4 a5 28. Bxf6
Bxf6 29. Qxf6 c4 30. Rh8# 1-0